000 00583nam a2200217Ia 4500
005 20260429112223.0
008 260429s9999||||xx |||||||||||||| ||und||
020 _a9789355326478
041 _aEnglish
082 _a005.133
_bSCH
100 _aSchildt, Herbert
245 0 _aJava :
_bthe complete reference /
_cHerbert Schildt
250 _a13th ed.
260 _aIndia :
_bMc Graw Hill,
_c2024.
300 _axxiv, 1246 p.; pbk
650 _a Computer programming
650 _a Java programming
650 _aComputer science
700 _a Coward, Danny
942 _cTB
999 _c52965
_d52965